banner koha

Micropropagação de Salvia officinalis L. com avaliação do teor de fenóis totais e atividade antioxidante (Registro n. 212987)

MARC details
000 -LÍDER
campo de controle de tamanho fixo 00983nas a2200289 4500
001 - NÚMERO DE CONTROLE
campo de controle BR2011002420
003 - IDENTIFICADOR DO NÚMERO DE CONTROLE
campo de controle BR-BrBNA
005 - DATA E HORÁRIO DA ÚLTIMA TRANSAÇÃO
campo de controle 20231205115259.0
007 - CAMPO FIXO DE DESCRIÇÃO FÍSICA--INFORMAÇÃO GERAL
campo de controle de tamanho fixo ta
008 - CAMPO DE DADOS FIXOS--INFORMAÇÃO GERAL
campo de controle de tamanho fixo 230509b bl.|||p| |||| 00| 00por d
040 ## - FONTE DA CATALOGAÇÃO
Instituição da catalogação original BR-BrBNA
Idioma da catalogação por
Instituição que transcreveu o registro Biblioteca Nacional de Agricultura
041 ## - CÓDIGO DE IDIOMA
Código do idioma do texto/trilha sonora ou título diferente (Pt)
072 ## - CÓDIGO DE CATEGORIA DE ASSUNTO
Código de Categoria de Assunto F02; F60
100 1# - ENTRADA PRINCIPAL--NOME PESSOAL
Nome pessoal Lima, G.P.P.
100 1# - ENTRADA PRINCIPAL--NOME PESSOAL
Nome pessoal Zigiotto, D.C.
100 1# - ENTRADA PRINCIPAL--NOME PESSOAL
Nome pessoal Takaki, M.
245 1# - TÍTULO
Título Micropropagação de Salvia officinalis L. com avaliação do teor de fenóis totais e atividade antioxidante
650 ## - ASSUNTO--TERMO TÓPICO
Cabeçalho tópico ou nome geográfico SALVIA
650 ## - ASSUNTO--TERMO TÓPICO
Cabeçalho tópico ou nome geográfico MICROPROPAGAÇÃO
650 ## - ASSUNTO--TERMO TÓPICO
Cabeçalho tópico ou nome geográfico ANTIOXIDANTE
650 ## - ASSUNTO--TERMO TÓPICO
Cabeçalho tópico ou nome geográfico FLAVONÓIDE
650 ## - ASSUNTO--TERMO TÓPICO
Cabeçalho tópico ou nome geográfico FENOL
773 0# - ENTRADA ANALÍTICA
Título Revista Brasileira de Plantas Medicinais (Brazil)
ISSN - International Standard Serial Number ISSN 1516-0572
Partes relacionadas (May 2008), v. 10(2) p. 68-74
Número de controle do registro BR2011002420
856 4# - LOCALIZAÇÃO ELETRÔNICA E ACESSO
Uniform Resource Identifier <a href="http://www.ibb.unesp.br/servicos/publicacoes/rbpm/pdf_v10_n2_2008/artigo12.pdf">http://www.ibb.unesp.br/servicos/publicacoes/rbpm/pdf_v10_n2_2008/artigo12.pdf</a>
Texto de ligação Recurso eletrônico (PDF)
909 ## -
-- 202311
-- Lúcia
-- 55
-- Lúcia Elande
942 ## - ELEMENTOS DE ENTRADA ADICIONADOS (KOHA)
Fonte da classificação ou esquema de arquivamento na estante Classificação AGRIS
Ocultar no OPAC Não
Tipo de material Koha Analítica
Exemplares
Situação do descarte Fonte da classificação ou esquema de arquivamento na estante Situação física Não pode ser emprestado Biblioteca de origem Biblioteca atual Localização na estante Enumeração do periódico / cronologia Total de empréstimos Data de último acesso Número do exemplar Tipo de material Koha Fonte de aquisição
  Classificação AGRIS   Consulta local Biblioteca Nacional de Agricultura - Binagri Biblioteca Nacional de Agricultura - Binagri   (May 2008), v. 10(2) p. 68-74   29/11/2023 01 Periódicos Portaria Interministerial nº 164/94

BINAGRI

Telefone: (61)3218-2567/2388/3357/2097 - binagri@agro.gov.br

Ministério da Agricultura e Pecuária , Esplanada dos Ministérios, Bloco D, Anexo B, Brasília/DF, CEP: 70.043-900